000 00447nam a2200169Ia 4500
003 GCL
008 140319s9999 xx 000 0 aGer d
040 _aGCL /
_cGCL
082 0 4 _a622.19
_bC R
100 1 _aCAFIERO, GAETANO
245 1 0 _aRELITTI IMMERSIONI NELLA STORIA /
_cCAFIERO, GAETANO
260 _a[S.N] :
_bWHITE STAR S.R.L ،
_c1993
300 _a143 P
650 0 4 _aSUNKEN TREASURE
650 0 4 _aTREASURE - TROVE
942 _2ddc
_cBK
999 _c13258
_d13258